000 00538nam a2200169 i 4500
001 58514
003 ES-MaACL
005 20230906163827.0
007 t|
008 031022s1969 sp ||||1| spa d
100 1 _aDyer, Ralph J.
_946411
245 1 3 _aLa nueva religiosa
_b: una auténtica imagen /
_cpor Ralph J. Dyer ; [traducción de Clementina Mª Giménez].
260 _aSantander :
_bSal Terrae,
_c[1969]
300 _a173 p. ;
_c22 cm.
700 1 _aJiménez, Clementina María.
_9174313
852 _aES-MaACL
_jC-46853
_bR.71634
999 _c58514
_d58514